Fast facts addition and subtraction, Grade 1-2. (Record no. 112663)
[ view plain ]
| 000 -LEADER | |
|---|---|
| fixed length control field | 00290nam a2200109 a 4500 |
| 005 - DATE AND TIME OF LATEST TRANSACTION | |
| control field | 20140414131945.0 |
| 008 - FIXED-LENGTH DATA ELEMENTS--GENERAL INFORMATION | |
| fixed length control field | 110128s19uu xx 00 eng d |
| 050 ## - LIBRARY OF CONGRESS CALL NUMBER | |
| Classification number | TR 372.7 |
| Item number | D57 2006 |
| 100 ## - MAIN ENTRY--PERSONAL NAME | |
| Personal name | Dillon, Susan |
| 245 ## - TITLE STATEMENT | |
| Title | Fast facts addition and subtraction, Grade 1-2. |
| Withdrawn status | Lost status | Damaged status | Home library | Current library | Shelving location | Date acquired | Total Checkouts | Full call number | Barcode | Date last seen | Price effective from | Koha item type |
|---|---|---|---|---|---|---|---|---|---|---|---|---|
| Munich Library | Munich Library | Teachers Reference Section | 01/28/2011 | TR 372.7 D57 2006 | M4040 | 04/14/2014 | 04/14/2014 | Books |